Fildrong : Les tier-listes stratégiques 🧂 - Statistiques

Statistiques générales
  • Ce quiz a été pris 57 fois
  • Le résultat moyen est 7 sur 26
Statistiques - réponses
Thème de la tier-liste Année Top Tier % Correct
Les meilleurs Pokémon pseudo-légendaires 2025 Glaivodo - Lanssorien - Dracolosse - Carchacrok
87%
Le meilleur Pokémon fossile 2025 Hydragon
67%
Le meilleur Pokémon Oiseau de début d'aventure 2024 Corvaillus
61%
Le meilleur Pokémon Rongeur de début d'aventure 2024 Castorno
46%
Les meilleurs Pokémon Insecte de début d'aventure 2025 Brutapode - Prismillion
43%
Le meilleur Pokémon Starter 2023 Pyrobut
39%
Le meilleur Pokémon de type Insecte 2023 Cizayox
26%
Le meilleur Pokémon de type Plante 2023 Noacier
24%
Le meilleur Pokémon de type Dragon 2023 Carchacrok
22%
Le meilleur Pokémon de type Sol 2023 Démétéros forme Totémique
22%
Le meilleur Pokémon de type Feu 2023 Heatran
22%
Le meilleur Pokémon de type Normal 2023 Leuphorie
22%
Le meilleur Pokémon de type Eau 2023 Amphinobi
20%
Le meilleur Pokémon de type Eletrick 2023 Electhor
20%
Le meilleur Pokémon de type Spectre 2023 Lanssorien
20%
Le meilleur Pokémon de type Glace 2023 Dimoret
17%
Le meilleur Pokémon Légendaire 2023 Kyogre
17%
Le meilleur Pokémon de type Roche 2023 Tyranocif
17%
Le meilleur Pokémon de type Poison 2023 Ectoplasma
15%
Le meilleur Pokémon de type Ténèbres 2023 Tyranocif
15%
Le meilleur Pokémon de type Acier 2023 Airmure
13%
Le meilleur Pokémon de type Fée 2023 Mélodelfe
13%
La meilleure forme régionale 2025 Terraiste
9%
Le meilleur Pokémon de type Vol 2023 Boréas forme Totémique
7%
Le meilleur Pokémon de type Combat 2023 Chapignon
2%
Le meilleur Pokémon de type Psy 2023 Jirachi
2%
Aucun quiz correspondant
Distribution des résultats
% des personnes avec chaque résultat
Percentile par nombre de réponses
Votre historique - résultats
Vous n’avez pas pris ce quiz